[Event "Team women final 2016"]
[Site "Sochi"]
[Date "2016.05.07"]
[Round "6.8"]
[White "Baraeva, Marina"]
[Black "Belova, Olga"]
[Result "1-0"]
[LiveChessVersion "1.4.4"]
[BlackElo "2034"]
[WhiteElo "2208"]
[BlackTeam "Ladya"]
[WhiteTeam "University"]

1. d4 {[%clk 1:30:55]} f5 {[%clk 1:30:49]} 2. Nf3 {[%clk 1:29:45]} Nf6
{[%clk 1:31:05]} 3. g3 {[%clk 1:30:01]} g6 {[%clk 1:31:28]} 4. Bg2
{[%clk 1:30:01]} Bg7 {[%clk 1:31:48]} 5. O-O {[%clk 1:29:03]} O-O
{[%clk 1:31:33]} 6. c4 {[%clk 1:27:50]} d6 {[%clk 1:31:35]} 7. Nc3
{[%clk 1:27:02]} c6 {[%clk 1:31:29]} 8. d5 {[%clk 1:17:54]} Bd7 {[%clk 1:14:52]}
9. Be3 {[%clk 1:09:47]} c5 {[%clk 0:48:26]} 10. Qc2 {[%clk 1:04:17]} Na6
{[%clk 0:45:04]} 11. Ne1 {[%clk 0:53:05]} Nc7 {[%clk 0:43:37]} 12. a4
{[%clk 0:52:02]} Rb8 {[%clk 0:40:53]} 13. Bd2 {[%clk 0:47:42]} b6
{[%clk 0:27:56]} 14. Nd3 {[%clk 0:42:30]} a5 {[%clk 0:26:02]} 15. Rae1
{[%clk 0:38:16]} e6 {[%clk 0:23:32]} 16. dxe6 {[%clk 0:36:00]} Bxe6
{[%clk 0:23:56]} 17. b3 {[%clk 0:36:09]} d5 {[%clk 0:22:11]} 18. cxd5
{[%clk 0:34:40]} Nfxd5 {[%clk 0:22:22]} 19. Nxd5 {[%clk 0:34:30]} Nxd5
{[%clk 0:13:02]} 20. Nf4 {[%clk 0:34:19]} Bf7 {[%clk 0:13:09]} 21. Rd1
{[%clk 0:33:52]} Nf6 {[%clk 0:04:42]} 22. Bxa5 {[%clk 0:33:19]} Qe7
{[%clk 0:04:42]} 23. Bc3 {[%clk 0:31:43]} h6 {[%clk 0:00:48]} 24. Rd2
{[%clk 0:22:27]} Ne4 {[%clk 0:00:36]} 25. Bxe4 {[%clk 0:20:03]} Bxc3
{[%clk 0:00:57]} 26. Qxc3 {[%clk 0:20:10]} Qxe4 {[%clk 0:00:57]} 27. Rfd1
{[%clk 0:15:17]} g5 {[%clk 0:00:36]} 28. Rd6 {[%clk 0:09:13]} gxf4
{[%clk 0:00:33]} 29. Rxh6 {[%clk 0:09:33]} Bd5 {[%clk 0:01:00]} 30. f3
{[%clk 0:07:12]} Qe3+ {[%clk 0:00:33]} 31. Qxe3 {[%clk 0:07:35]} fxe3
{[%clk 0:00:59]} 32. Rxd5 {[%clk 0:08:00]} Rbd8 {[%clk 0:00:38]} 33. Rxd8
{[%clk 0:07:04]} Rxd8 {[%clk 0:01:00]} 34. Re6 {[%clk 0:07:31]} Rd1+
{[%clk 0:00:34]} 35. Kg2 {[%clk 0:07:56]} Kf7 {[%clk 0:00:34]} 36. Rxe3
{[%clk 0:08:21]} Rb1 {[%clk 0:00:56]} 37. f4 {[%clk 0:08:18]} Kf6
{[%clk 0:01:15]} 38. h3 {[%clk 0:08:33]} c4 {[%clk 0:00:31]} 39. bxc4
{[%clk 0:08:49]} Rb4 {[%clk 0:00:58]} 40. Rc3 {[%clk 0:38:31]} Rxa4
{[%clk 0:31:11]} 41. g4 {[%clk 0:38:41]} Rb4 {[%clk 0:26:17]} 42. Kf3
{[%clk 0:38:30]} Rb1 {[%clk 0:26:39]} 43. c5 {[%clk 0:37:57]} bxc5
{[%clk 0:26:59]} 44. Rxc5 {[%clk 0:38:22]} Rb3+ {[%clk 0:25:45]} 45. e3
{[%clk 0:38:45]} fxg4+ {[%clk 0:25:59]} 46. hxg4 {[%clk 0:39:10]} Rb1
{[%clk 0:26:13]} 47. Rc6+ {[%clk 0:39:33]} Kf7 {[%clk 0:26:37]} 48. f5
{[%clk 0:39:32]} Rf1+ {[%clk 0:26:30]} 49. Ke4 {[%clk 0:39:56]} Rg1
{[%clk 0:26:55]} 50. Kf4 {[%clk 0:40:23]} Rf1+ {[%clk 0:26:37]} 51. Kg5
{[%clk 0:40:46]} Re1 {[%clk 0:27:03]} 52. Re6 {[%clk 0:41:09]} 1-0

[Event "Team women final 2016"]
[Site "Sochi"]
[Date "2016.05.07"]
[Round "6.10"]
[White "Kovalevskaya, Ekaterina"]
[Black "Ivanova, Karina"]
[Result "1-0"]
[LiveChessVersion "1.4.4"]
[BlackElo "2133"]
[WhiteElo "2467"]
[BlackTeam "MoscowYouth"]
[WhiteTeam "Legacy"]

1. Nf3 {[%clk 1:30:57]} Nf6 {[%clk 1:30:36]} 2. c4 {[%clk 1:31:08]} c6
{[%clk 1:30:41]} 3. Nc3 {[%clk 1:31:17]} d5 {[%clk 1:30:57]} 4. e3
{[%clk 1:31:35]} e6 {[%clk 1:30:15]} 5. b3 {[%clk 1:29:40]} Nbd7 {[%clk 1:29:44]}
6. Qc2 {[%clk 1:28:30]} Be7 {[%clk 1:29:51]} 7. Bb2 {[%clk 1:26:21]} O-O
{[%clk 1:29:36]} 8. d4 {[%clk 1:23:31]} Qc7 {[%clk 1:27:58]} 9. Bd3
{[%clk 1:22:38]} h6 {[%clk 1:15:17]} 10. O-O {[%clk 1:19:12]} b6 {[%clk 1:13:30]}
11. Rac1 {[%clk 1:14:49]} Bb7 {[%clk 1:11:46]} 12. cxd5 {[%clk 1:11:18]} exd5
{[%clk 1:11:01]} 13. Ne2 {[%clk 1:10:20]} Rfe8 {[%clk 0:53:04]} 14. Ng3
{[%clk 1:05:34]} Bf8 {[%clk 0:45:31]} 15. Bf5 {[%clk 0:57:45]} Rad8
{[%clk 0:42:47]} 16. Ne5 {[%clk 0:50:54]} Nxe5 {[%clk 0:36:52]} 17. dxe5
{[%clk 0:51:14]} Nd7 {[%clk 0:37:11]} 18. f4 {[%clk 0:51:00]} c5 {[%clk 0:34:51]}
19. Nh5 {[%clk 0:47:03]} Qc6 {[%clk 0:23:36]} 20. Rf3 {[%clk 0:43:20]} b5
{[%clk 0:19:33]} 21. Rg3 {[%clk 0:42:41]} Kh8 {[%clk 0:19:44]} 22. e6
{[%clk 0:40:52]} fxe6 {[%clk 0:13:40]} 23. Nxg7 {[%clk 0:35:31]} e5
{[%clk 0:08:50]} 24. Nxe8 {[%clk 0:34:27]} Rxe8 {[%clk 0:09:14]} 25. Bxd7
{[%clk 0:34:14]} Qxd7 {[%clk 0:09:36]} 26. Bxe5+ {[%clk 0:34:36]} 1-0

[Event "Team women final 2016"]
[Site "Sochi"]
[Date "2016.05.07"]
[Round "6.11"]
[White "Borisova, Ekaterina"]
[Black "Kashlinskaya, Alina"]
[Result "1/2-1/2"]
[LiveChessVersion "1.4.4"]
[BlackElo "2466"]
[WhiteElo "2058"]
[BlackTeam "Legacy"]
[WhiteTeam "MoscowYouth"]

1. e4 {[%clk 1:30:58]} Nf6 {[%clk 1:30:53]} 2. e5 {[%clk 1:30:25]} Nd5
{[%clk 1:31:17]} 3. c4 {[%clk 1:30:51]} Nb6 {[%clk 1:31:40]} 4. d4
{[%clk 1:31:16]} d6 {[%clk 1:31:58]} 5. exd6 {[%clk 1:31:39]} cxd6
{[%clk 1:32:07]} 6. Nc3 {[%clk 1:31:56]} g6 {[%clk 1:30:15]} 7. Be3
{[%clk 1:32:19]} Bg7 {[%clk 1:30:29]} 8. Rc1 {[%clk 1:32:36]} O-O
{[%clk 1:29:58]} 9. Be2 {[%clk 1:31:52]} d5 {[%clk 1:21:19]} 10. c5
{[%clk 1:27:14]} Nc4 {[%clk 1:21:17]} 11. Bxc4 {[%clk 1:26:31]} dxc4
{[%clk 1:21:41]} 12. Nge2 {[%clk 1:23:33]} Nc6 {[%clk 1:17:38]} 13. O-O
{[%clk 1:10:49]} Bf5 {[%clk 1:16:07]} 14. b3 {[%clk 1:06:20]} cxb3
{[%clk 0:56:44]} 15. Qxb3 {[%clk 1:00:25]} Qd7 {[%clk 0:56:51]} 16. Rfd1
{[%clk 0:59:12]} Rfd8 {[%clk 0:50:40]} 17. Rd2 {[%clk 0:53:03]} h6
{[%clk 0:34:51]} 18. Rcd1 {[%clk 0:48:30]} Re8 {[%clk 0:34:05]} 19. Rb2
{[%clk 0:43:14]} Rab8 {[%clk 0:29:25]} 20. Bf4 {[%clk 0:40:21]} e5
{[%clk 0:28:19]} 21. dxe5 {[%clk 0:35:03]} Qe7 {[%clk 0:27:59]} 22. Ng3
{[%clk 0:27:00]} Bg4 {[%clk 0:25:48]} 23. Rd6 {[%clk 0:25:57]} Nxe5
{[%clk 0:23:29]} 24. Rb1 {[%clk 0:12:28]} Be6 {[%clk 0:21:47]} 25. Nd5
{[%clk 0:10:17]} Qh4 {[%clk 0:21:46]} 26. Ne2 {[%clk 0:08:58]} Rbc8
{[%clk 0:13:09]} 27. Rc1 {[%clk 0:06:58]} Qg4 {[%clk 0:12:25]} 28. f3
{[%clk 0:06:15]} Qf5 {[%clk 0:09:11]} 29. Ng3 {[%clk 0:03:41]} Qxf4
{[%clk 0:08:13]} 30. Nxf4 {[%clk 0:03:51]} Bxb3 {[%clk 0:08:40]} 31. axb3
{[%clk 0:04:10]} Nxf3+ {[%clk 0:06:59]} 32. gxf3 {[%clk 0:03:03]} Be5
{[%clk 0:07:28]} 33. Rc4 {[%clk 0:02:54]} Rxc5 {[%clk 0:02:39]} 34. Re4
{[%clk 0:01:04]} Bxd6 {[%clk 0:00:58]} 35. Rxe8+ {[%clk 0:01:28]} Kg7
{[%clk 0:01:28]} 36. Nfe2 {[%clk 0:01:07]} Rc2 {[%clk 0:01:22]} 37. Kf1
{[%clk 0:00:57]} Rb2 {[%clk 0:00:36]} 38. Re3 {[%clk 0:00:45]} a5
{[%clk 0:00:52]} 39. Rd3 {[%clk 0:00:56]} Bb8 {[%clk 0:00:43]} 40. Ne4
{[%clk 0:30:39]} Bxh2 {[%clk 0:30:39]} 41. f4 {[%clk 0:31:02]} a4
{[%clk 0:25:42]} 42. bxa4 {[%clk 0:30:31]} Rb4 {[%clk 0:26:07]} 43. Nc5
{[%clk 0:28:34]} Bxf4 {[%clk 0:25:51]} 44. Rd7 {[%clk 0:28:46]} Be3
{[%clk 0:25:17]} 45. Nxb7 {[%clk 0:28:45]} Rxa4 {[%clk 0:25:42]} 46. Nd8
{[%clk 0:28:47]} Ra7 {[%clk 0:25:00]} 47. Rd3 {[%clk 0:26:27]} Bb6
{[%clk 0:24:33]} 48. Nc6 {[%clk 0:26:36]} Ra2 {[%clk 0:22:34]} 49. Ne5
{[%clk 0:25:42]} Ra1+ {[%clk 0:19:43]} 50. Kg2 {[%clk 0:26:04]} Re1
{[%clk 0:20:02]} 51. Kf3 {[%clk 0:24:13]} Rf1+ {[%clk 0:20:01]} 52. Ke4
{[%clk 0:23:33]} Re1 {[%clk 0:20:10]} 53. Kf3 {[%clk 0:23:52]} h5
{[%clk 0:17:41]} 54. Rb3 {[%clk 0:20:28]} Bc7 {[%clk 0:17:17]} 55. Nd3
{[%clk 0:20:15]} Rf1+ {[%clk 0:17:24]} 56. Kg2 {[%clk 0:19:42]} Rd1
{[%clk 0:17:40]} 57. Ndf4 {[%clk 0:17:12]} Kh6 {[%clk 0:12:04]} 58. Rb7
{[%clk 0:16:48]} Rd7 {[%clk 0:11:42]} 59. Kf3 {[%clk 0:15:37]} g5
{[%clk 0:11:56]} 60. Nd5 {[%clk 0:14:32]} g4+ {[%clk 0:10:42]} 61. Kg2
{[%clk 0:14:09]} Rxd5 {[%clk 0:11:08]} 62. Rxc7 {[%clk 0:14:28]} Rd2
{[%clk 0:11:27]} 63. Kf2 {[%clk 0:13:47]} f5 {[%clk 0:10:30]} 64. Ke3
{[%clk 0:13:38]} Ra2 {[%clk 0:10:43]} 65. Nd4 {[%clk 0:12:15]} Kg5
{[%clk 0:06:51]} 66. Rc5 {[%clk 0:09:49]} g3 {[%clk 0:05:13]} 67. Rxf5+
{[%clk 0:09:01]} Kg4 {[%clk 0:05:42]} 68. Rf4+ {[%clk 0:09:03]} Kh3
{[%clk 0:05:40]} 69. Nf5 {[%clk 0:07:51]} Ra3+ {[%clk 0:06:01]} 70. Ke2
{[%clk 0:08:13]} Ra2+ {[%clk 0:05:57]} 71. Ke3 {[%clk 0:08:30]} 1/2-1/2

[Event "Team women final 2016"]
[Site "Sochi"]
[Date "2016.05.07"]
[Round "6.12"]
[White "Savina, Anastasia"]
[Black "Yurovskikh, Yasmin"]
[Result "1/2-1/2"]
[LiveChessVersion "1.4.4"]
[BlackElo "1892"]
[WhiteElo "2387"]
[BlackTeam "MoscowYouth"]
[WhiteTeam "Legacy"]

1. d4 {[%clk 1:30:56]} d5 {[%clk 1:30:55]} 2. c4 {[%clk 1:31:22]} c6
{[%clk 1:31:21]} 3. Nc3 {[%clk 1:31:31]} e6 {[%clk 1:31:40]} 4. e3
{[%clk 1:31:32]} f5 {[%clk 1:31:00]} 5. Qc2 {[%clk 1:30:37]} Nf6 {[%clk 1:29:53]}
6. Bd3 {[%clk 1:30:56]} Ne4 {[%clk 1:29:34]} 7. Nge2 {[%clk 1:26:49]} Bd6
{[%clk 1:28:51]} 8. O-O {[%clk 1:25:02]} Qc7 {[%clk 1:20:34]} 9. g3
{[%clk 1:14:49]} O-O {[%clk 1:14:22]} 10. f3 {[%clk 1:14:30]} Nxc3
{[%clk 1:10:16]} 11. Nxc3 {[%clk 1:14:27]} dxc4 {[%clk 0:58:39]} 12. Bxc4
{[%clk 1:14:45]} b5 {[%clk 0:58:28]} 13. Bb3 {[%clk 1:12:40]} Qb6
{[%clk 0:57:23]} 14. Kg2 {[%clk 1:03:13]} c5 {[%clk 0:55:53]} 15. dxc5
{[%clk 1:02:12]} Bxc5 {[%clk 0:53:14]} 16. e4 {[%clk 1:00:15]} Kh8
{[%clk 0:50:47]} 17. exf5 {[%clk 0:52:08]} exf5 {[%clk 0:51:11]} 18. Nd5
{[%clk 0:51:49]} Qc6 {[%clk 0:49:18]} 19. Bf4 {[%clk 0:47:45]} Na6
{[%clk 0:39:27]} 20. Be5 {[%clk 0:39:05]} Bd7 {[%clk 0:33:36]} 21. Nf4
{[%clk 0:32:40]} Qh6 {[%clk 0:25:47]} 22. Rad1 {[%clk 0:25:56]} Rad8 23. a3
{[%clk 0:18:42]} Bc8 {[%clk 0:22:47]} 24. Rxd8 {[%clk 0:16:35]} Rxd8
{[%clk 0:23:11]} 25. Rd1 {[%clk 0:16:45]} Re8 {[%clk 0:15:25]} 26. Bf7
{[%clk 0:08:20]} Rf8 {[%clk 0:15:35]} 27. Nh5 {[%clk 0:07:58]} Rxf7
{[%clk 0:12:04]} 28. Qxc5 {[%clk 0:07:27]} Bd7 {[%clk 0:10:16]} 29. Rxd7
{[%clk 0:07:34]} 1/2-1/2

[Event "Team women final 2016"]
[Site "Sochi"]
[Date "2016.05.07"]
[Round "6.14"]
[White "Maltsevskaya, Aleksandra"]
[Black "Pogonina, Natalija"]
[Result "0-1"]
[LiveChessVersion "1.4.4"]
[BlackElo "2490"]
[WhiteElo "2252"]
[BlackTeam "Ugra"]
[WhiteTeam "Donchanka"]

1. c4 {[%clk 1:30:57]} e5 {[%clk 1:30:53]} 2. Nc3 {[%clk 1:31:18]} Nf6
{[%clk 1:31:05]} 3. g3 {[%clk 1:31:38]} d5 {[%clk 1:29:21]} 4. cxd5
{[%clk 1:31:57]} Nxd5 {[%clk 1:29:47]} 5. Bg2 {[%clk 1:32:18]} Nb6
{[%clk 1:29:11]} 6. Nf3 {[%clk 1:32:35]} Nc6 {[%clk 1:29:34]} 7. O-O
{[%clk 1:32:57]} Be7 {[%clk 1:29:33]} 8. a3 {[%clk 1:33:14]} a5 {[%clk 1:25:15]}
9. Rb1 {[%clk 1:23:17]} O-O {[%clk 1:11:08]} 10. b4 {[%clk 1:16:27]} axb4
{[%clk 1:03:29]} 11. axb4 {[%clk 1:16:49]} Bf5 {[%clk 1:03:55]} 12. e4
{[%clk 0:57:25]} Bg4 {[%clk 1:03:05]} 13. b5 {[%clk 0:57:33]} Nd4
{[%clk 0:57:13]} 14. d3 {[%clk 0:57:35]} f5 {[%clk 0:47:27]} 15. h3
{[%clk 0:51:15]} fxe4 {[%clk 0:40:27]} 16. hxg4 {[%clk 0:51:09]} exf3
{[%clk 0:40:53]} 17. Bh1 {[%clk 0:51:15]} Qd7 {[%clk 0:34:23]} 18. Re1
{[%clk 0:48:33]} Qxg4 {[%clk 0:32:01]} 19. Rxe5 {[%clk 0:42:00]} Bf6
{[%clk 0:22:12]} 20. Re4 {[%clk 0:40:26]} Qh5 {[%clk 0:20:33]} 21. Be3
{[%clk 0:37:30]} Rad8 {[%clk 0:20:22]} 22. Rf4 {[%clk 0:20:02]} Be5
{[%clk 0:16:41]} 23. Rxf8+ {[%clk 0:16:29]} Rxf8 {[%clk 0:17:04]} 24. Rb4
{[%clk 0:16:41]} Ne2+ {[%clk 0:14:20]} 25. Nxe2 {[%clk 0:15:05]} fxe2
{[%clk 0:14:46]} 26. Qe1 {[%clk 0:14:46]} Bxg3 {[%clk 0:14:30]} 0-1

[Event "Team women final 2016"]
[Site "Sochi"]
[Date "2016.05.07"]
[Round "6.15"]
[White "Nechaeva, Marina"]
[Black "Sukhareva, Evgeniya"]
[Result "1-0"]
[LiveChessVersion "1.4.4"]
[BlackElo "2176"]
[WhiteElo "2416"]
[BlackTeam "Donchanka"]
[WhiteTeam "Ugra"]

1. d4 {[%clk 1:30:55]} d5 {[%clk 1:30:53]} 2. c4 {[%clk 1:31:21]} e6
{[%clk 1:31:10]} 3. Nc3 {[%clk 1:31:46]} Nf6 {[%clk 1:31:16]} 4. cxd5
{[%clk 1:32:10]} exd5 {[%clk 1:31:15]} 5. Bg5 {[%clk 1:32:34]} c6
{[%clk 1:30:55]} 6. e3 {[%clk 1:32:58]} Be7 {[%clk 1:31:04]} 7. Bd3
{[%clk 1:33:19]} Nbd7 {[%clk 1:29:03]} 8. Nf3 {[%clk 1:26:20]} Nh5
{[%clk 1:16:41]} 9. Bxe7 {[%clk 1:26:29]} Qxe7 {[%clk 1:17:06]} 10. O-O
{[%clk 1:25:42]} O-O {[%clk 1:09:32]} 11. Qb1 {[%clk 1:15:47]} g6
{[%clk 1:07:55]} 12. b4 {[%clk 1:16:09]} Ng7 {[%clk 0:57:30]} 13. b5
{[%clk 1:15:46]} Nb6 {[%clk 0:55:56]} 14. Qb3 {[%clk 0:53:35]} Bf5
{[%clk 0:51:41]} 15. Be2 {[%clk 0:51:41]} Bg4 {[%clk 0:31:09]} 16. Rfc1
{[%clk 0:48:11]} Bxf3 {[%clk 0:29:35]} 17. Bxf3 {[%clk 0:48:37]} Nf5
{[%clk 0:28:58]} 18. Qd1 {[%clk 0:28:30]} Rfe8 {[%clk 0:18:23]} 19. Rab1
{[%clk 0:28:00]} Nc4 {[%clk 0:17:53]} 20. g3 {[%clk 0:20:33]} Nfxe3
{[%clk 0:08:38]} 21. fxe3 {[%clk 0:20:29]} Qxe3+ {[%clk 0:09:04]} 22. Kg2
{[%clk 0:18:11]} Nd2 {[%clk 0:08:16]} 23. bxc6 {[%clk 0:08:03]} bxc6
{[%clk 0:08:12]} 24. Rb7 {[%clk 0:07:36]} Qxd4 {[%clk 0:03:37]} 25. Rc2
{[%clk 0:05:34]} Nxf3 {[%clk 0:03:07]} 26. Qxf3 {[%clk 0:06:00]} f5
{[%clk 0:00:42]} 27. Ne2 {[%clk 0:03:44]} Qe4 {[%clk 0:00:33]} 28. Qxe4
{[%clk 0:03:55]} Rxe4 {[%clk 0:00:55]} 29. Nf4 {[%clk 0:03:03]} Rc4
{[%clk 0:00:33]} 30. Rxc4 {[%clk 0:01:04]} dxc4 {[%clk 0:00:59]} 31. Kf2
{[%clk 0:00:49]} a5 {[%clk 0:00:32]} 32. Ke3 {[%clk 0:00:44]} Rd8
{[%clk 0:00:35]} 33. Rb2 {[%clk 0:00:38]} c5 {[%clk 0:00:32]} 34. Rc2
{[%clk 0:00:39]} Re8+ {[%clk 0:00:42]} 35. Kf2 {[%clk 0:00:49]} Rb8
{[%clk 0:00:35]} 36. Ne2 {[%clk 0:00:42]} Rb4 {[%clk 0:00:50]} 37. Nc3
{[%clk 0:00:57]} Kf7 {[%clk 0:00:35]} 38. Nd5 {[%clk 0:01:22]} Rb5
{[%clk 0:00:40]} 39. a4 {[%clk 0:01:32]} Rb1 {[%clk 0:00:41]} 40. Rxc4
{[%clk 0:31:49]} Rb2+ {[%clk 0:30:59]} 41. Kf3 {[%clk 0:23:57]} Rxh2
{[%clk 0:27:29]} 42. Rxc5 {[%clk 0:24:24]} g5 {[%clk 0:08:37]} 43. Rxa5
{[%clk 0:22:36]} Ra2 {[%clk 0:03:18]} 44. Nc3 {[%clk 0:22:12]} Ra3
{[%clk 0:00:36]} 45. Rxf5+ {[%clk 0:22:37]} Ke6 {[%clk 0:00:58]} 46. Rc5
{[%clk 0:23:01]} h5 {[%clk 0:00:59]} 47. Kf2 {[%clk 0:21:18]} h4 {[%clk 0:01:01]}
48. g4 {[%clk 0:21:13]} Rb3 {[%clk 0:00:53]} 49. Ne4 {[%clk 0:16:28]} Rb4
{[%clk 0:00:36]} 50. Kf3 {[%clk 0:16:51]} Rxa4 {[%clk 0:00:32]} 51. Rxg5
{[%clk 0:17:13]} Ra1 {[%clk 0:00:35]} 52. Rh5 {[%clk 0:16:53]} Rf1+
{[%clk 0:00:37]} 53. Nf2 {[%clk 0:17:08]} Kf6 {[%clk 0:00:37]} 54. Rxh4
{[%clk 0:17:33]} Kg6 {[%clk 0:00:49]} 55. Rh1 {[%clk 0:17:49]} 1-0

[Event "Team women final 2016"]
[Site "Sochi"]
[Date "2016.05.07"]
[Round "6.16"]
[White "Assaubayeva, Bibisara"]
[Black "Kovanova, Baira"]
[Result "1-0"]
[LiveChessVersion "1.4.4"]
[BlackElo "2391"]
[WhiteElo "2141"]
[BlackTeam "Ugra"]
[WhiteTeam "Donchanka"]

1. d4 {[%clk 1:30:56]} Nf6 {[%clk 1:30:56]} 2. c4 {[%clk 1:31:19]} e6
{[%clk 1:31:23]} 3. Nf3 {[%clk 1:31:42]} d5 {[%clk 1:31:49]} 4. Nc3
{[%clk 1:32:01]} dxc4 {[%clk 1:32:15]} 5. e3 {[%clk 1:30:43]} a6 {[%clk 1:32:39]}
6. a4 {[%clk 1:30:34]} b6 {[%clk 1:32:54]} 7. Bxc4 {[%clk 1:29:55]} Bb7
{[%clk 1:33:08]} 8. O-O {[%clk 1:28:06]} Bb4 {[%clk 1:33:22]} 9. Qe2
{[%clk 1:24:45]} O-O {[%clk 1:33:42]} 10. Bd3 {[%clk 1:22:44]} c5
{[%clk 1:31:03]} 11. dxc5 {[%clk 1:20:21]} Bxc5 {[%clk 1:31:23]} 12. e4
{[%clk 1:20:23]} Nbd7 {[%clk 1:28:44]} 13. Bf4 {[%clk 1:10:06]} Nh5
{[%clk 1:22:13]} 14. Be3 {[%clk 1:05:00]} Qb8 {[%clk 1:18:05]} 15. g3
{[%clk 1:02:11]} Nhf6 {[%clk 1:14:23]} 16. Bxc5 {[%clk 0:54:32]} Nxc5
{[%clk 1:13:22]} 17. Bc2 {[%clk 0:54:25]} a5 {[%clk 1:11:52]} 18. Rfe1
{[%clk 0:52:41]} e5 {[%clk 1:10:54]} 19. Rad1 {[%clk 0:49:58]} Re8
{[%clk 1:08:29]} 20. Qd2 {[%clk 0:45:25]} Qc8 {[%clk 0:53:01]} 21. Nd5
{[%clk 0:39:04]} Bxd5 {[%clk 0:34:53]} 22. exd5 {[%clk 0:39:32]} e4
{[%clk 0:34:43]} 23. Nd4 {[%clk 0:38:23]} Re5 {[%clk 0:30:45]} 24. Nc6
{[%clk 0:35:29]} Re8 {[%clk 0:29:45]} 25. f4 {[%clk 0:25:52]} Qh3
{[%clk 0:19:43]} 26. Qg2 {[%clk 0:23:39]} Qf5 {[%clk 0:18:06]} 27. d6
{[%clk 0:21:48]} Qe6 {[%clk 0:12:39]} 28. f5 {[%clk 0:19:12]} Qd7
{[%clk 0:11:31]} 29. Ne7+ {[%clk 0:19:01]} Kh8 {[%clk 0:10:02]} 30. g4
{[%clk 0:17:17]} Nd3 {[%clk 0:08:15]} 31. Bxd3 {[%clk 0:13:06]} exd3
{[%clk 0:07:34]} 32. Rxd3 {[%clk 0:11:26]} Qxa4 {[%clk 0:07:52]} 33. g5
{[%clk 0:10:01]} Ng8 {[%clk 0:07:16]} 34. d7 {[%clk 0:05:10]} Rxe7
{[%clk 0:04:39]} 35. Rxe7 {[%clk 0:05:32]} Rd8 {[%clk 0:04:54]} 36. Re4
{[%clk 0:01:06]} Qb5 {[%clk 0:04:13]} 37. Red4 {[%clk 0:00:46]} Qxf5
{[%clk 0:04:20]} 38. Qd5 {[%clk 0:00:49]} Qg6 {[%clk 0:04:02]} 39. Kh1
{[%clk 0:00:43]} f5 {[%clk 0:03:34]} 40. h4 {[%clk 0:30:35]} h6 {[%clk 0:31:15]}
41. Rc3 {[%clk 0:28:23]} 1-0

[Event "Team women final 2016"]
[Site "Sochi"]
[Date "2016.05.08"]
[Round "7.2"]
[White "Pogonina, Natalija"]
[Black "Lagno, Kateryna"]
[Result "0-1"]
[LiveChessVersion "1.4.4"]
[BlackElo "2529"]
[WhiteElo "2490"]
[BlackTeam "Legacy"]
[WhiteTeam "Ugra"]

1. d4 {[%clk 1:30:57]} Nf6 {[%clk 1:30:48]} 2. c4 {[%clk 1:31:23]} g6
{[%clk 1:31:09]} 3. Nc3 {[%clk 1:31:46]} Bg7 {[%clk 1:31:30]} 4. Bg5
{[%clk 1:30:53]} d6 {[%clk 1:28:37]} 5. Nf3 {[%clk 1:30:09]} h6 {[%clk 1:26:22]}
6. Bh4 {[%clk 1:29:37]} g5 {[%clk 1:26:34]} 7. Bg3 {[%clk 1:30:03]} Nh5
{[%clk 1:24:28]} 8. e3 {[%clk 1:28:07]} c5 {[%clk 1:19:06]} 9. d5
{[%clk 1:25:03]} Qa5 {[%clk 1:16:57]} 10. Qd2 {[%clk 1:23:19]} Nd7
{[%clk 1:15:53]} 11. Be2 {[%clk 1:21:28]} a6 {[%clk 1:12:56]} 12. O-O
{[%clk 1:20:49]} Nb6 {[%clk 1:01:00]} 13. Qc2 {[%clk 1:19:00]} Bg4
{[%clk 0:40:48]} 14. Bxd6 {[%clk 1:01:02]} Bxf3 {[%clk 0:35:58]} 15. Bxf3
{[%clk 1:00:46]} exd6 {[%clk 0:29:41]} 16. Bxh5 {[%clk 0:57:00]} O-O-O
{[%clk 0:26:58]} 17. Be2 {[%clk 0:53:16]} Kb8 {[%clk 0:27:17]} 18. a3
{[%clk 0:52:49]} Nd7 {[%clk 0:26:45]} 19. Ne4 {[%clk 0:49:26]} Qb6
{[%clk 0:24:38]} 20. Rab1 {[%clk 0:48:55]} f5 {[%clk 0:24:59]} 21. Ng3
{[%clk 0:48:26]} f4 {[%clk 0:25:20]} 22. Nf5 {[%clk 0:47:10]} Be5
{[%clk 0:25:45]} 23. b4 {[%clk 0:47:22]} Qc7 {[%clk 0:22:52]} 24. Rb3
{[%clk 0:46:18]} Ka7 {[%clk 0:18:07]} 25. Rfb1 {[%clk 0:44:26]} fxe3
{[%clk 0:13:03]} 26. Nxe3 {[%clk 0:42:38]} Rb8 {[%clk 0:11:13]} 27. Bg4
{[%clk 0:40:26]} Nf6 {[%clk 0:11:38]} 28. Be6 {[%clk 0:40:14]} b6
{[%clk 0:11:37]} 29. Nf5 {[%clk 0:38:24]} h5 {[%clk 0:10:51]} 30. a4
{[%clk 0:28:27]} g4 {[%clk 0:09:17]} 31. h4 {[%clk 0:22:07]} gxh3
{[%clk 0:09:12]} 32. Rxh3 {[%clk 0:22:26]} cxb4 {[%clk 0:05:38]} 33. Rxb4
{[%clk 0:22:36]} Rb7 {[%clk 0:06:05]} 34. Rb1 {[%clk 0:16:40]} Qc5
{[%clk 0:05:57]} 35. Nh4 {[%clk 0:14:27]} Ng4 {[%clk 0:05:13]} 36. Nf3
{[%clk 0:14:15]} Bf6 {[%clk 0:04:11]} 37. Rf1 {[%clk 0:12:52]} Rc7
{[%clk 0:03:32]} 38. Rc1 {[%clk 0:08:32]} Ne5 {[%clk 0:02:54]} 39. Qf5
{[%clk 0:01:17]} Nxf3+ {[%clk 0:02:52]} 40. Rxf3 {[%clk 0:30:46]} Bb2
{[%clk 0:31:21]} 41. Rb1 {[%clk 0:23:09]} Qxc4 {[%clk 0:25:48]} 42. Bd7
{[%clk 0:21:43]} Rg8 {[%clk 0:17:39]} 43. Rf4 {[%clk 0:15:23]} Qc5
{[%clk 0:17:13]} 44. Bc6 {[%clk 0:14:44]} Be5 {[%clk 0:10:43]} 45. Rfb4
{[%clk 0:08:43]} Rxc6 {[%clk 0:10:33]} 46. dxc6 {[%clk 0:00:32]} Bh2+
{[%clk 0:10:57]} 47. Kxh2 {[%clk 0:01:00]} Qxf5 {[%clk 0:11:22]} 48. Rxb6
{[%clk 0:01:26]} Qxf2 {[%clk 0:10:58]} 0-1